000 00205nam a22001097a 4500
082 _a001.6425BAR
100 _aBarrett
245 _aCompiler construction
260 _c1980
300 _a504
942 _cBK
999 _c15137
_d15137